Animalyrics

Bibliographic Details
Main Author: Araj︢o, Antonio
Format: eBook
Language:Portuguese
Published: San Pablo: LEUD - Livraria e Editora Universitr̀ia de Direito, 2017
Subjects:
Online Access:Acceso restringido

MARC

LEADER 00000nam a22000007a 4500
005 20180420223646.0
007 cr|||| ||||
008 180420s2017 br |||||s|||| 00||0 por d
020 |a 978-85-7456-346-6 
035 |a 21437 
040 |a vLex 
090 |c 7794  |d 7794 
100 1 |a Araj︢o, Antonio 
245 1 0 |a Animalyrics  |h [Recurso electrn̤ico] /  |c Antonio Araj︢o 
256 |a Servicio en ln̕ea 
260 |a San Pablo:  |b LEUD - Livraria e Editora Universitr̀ia de Direito,  |c 2017 
300 |a 1 recurso electrn̤ico 
500 |a Animalyrics es un libro de imprescindible lectura no solo para los amantes de los animales, sino principalmente para aquellos que se interrogan acerca de nuestros deberes humanos hacia los seres vivos no humanos, planteǹdose la necesidad de respetar a la madre naturaleza, cuidarla y protegerla del daǫ que — lamentablemente — ya atravesar ̀generaciones. Antonio Araujo, a travš de una bells̕ima prosa que no por ello desconoce la rigurosidad cientf̕ica, propone dar una vuelta de tuerca a la insercin̤ del enfoque punitivo en relacin̤ con bienes jurd̕icos como la vida, la dignidad y la libertad, pero singularizados en los animales. Esta perspectiva novedosa, que se va abriendo camino atravš de distintos fallos judiciales que han comenzado a reconocer derechos a los seres no humanos sintientes, coloca a la humanidad como garante de estos derechos, asumiendo una corresponsabilidad en el cuidado de las especies animales en particular, y de la naturaleza, en general. Sus pg̀inas se devoran rp̀idamente: si bien presenta un enfoque tčnico, su lenguaje es sencillo y comprensible an︢ para aquellos que no pertenecen al mundo del derecho. Sl̤o resta felicitar el Dr. Antonio Araujo por este hermoso regalo que revaloriza la interseccin̤ entre las ciencias jurd̕icas, la filosofa̕ y las ciencias biolg̤icas. 
506 1 |a Disponible solo en los productos indicados  |d vLex Global  |d vLex Global (Academic Edition, excluding Law Schools)  |d vLex Global (U.S. Academic Edition, Law Schools)  |d vLex Global (U.S. Academic Edition, excluding Law Schools)  |d vLex Global (Academic Edition, Law Schools) 
650 0 4 |a Derecho Civil  |z Brasil 
650 0 4 |a Derecho Constitucional  |z Brasil 
650 0 4 |a Ciencias naturales  |z Brasil 
740 0 |a vLex Libros (Servicio en ln̕ea) 
856 4 0 |u http://vlex.com/source/animalyrics-21437  |z Acceso restringido 
942 |c BOOK 
999 0 |a Civil Law 
999 0 |a Constitutional Law 
999 0 |a Natural sciences